[Event "ISR-chT"]
[Site "Israel"]
[Date "2023.02.03"]
[Round "5.5"]
[White "Rahmilevitz, Anton"]
[Black "Iliaguev, Nisim"]
[Result "0-1"]
[WhiteElo "2250"]
[BlackElo "2390"]
[PlyCount "164"]
[EventDate "2023.01.11"]
[EventType "team-tourn"]
[EventRounds "11"]
[EventCountry "ISR"]
[SourceTitle "EXT 2024"]
[Source "ChessBase"]
[SourceDate "2023.10.10"]
[SourceVersion "1"]
[SourceVersionDate "2023.10.10"]
[SourceQuality "1"]
[WhiteTeam "Ashdod II"]
[BlackTeam "Ramat Gan Etude"]
[WhiteTeamCountry "ISR"]
[BlackTeamCountry "ISR"]

1. e4 e6 2. d3 d5 3. Qe2 Nf6 4. Nf3 Be7 5. g3 c5 6. e5 Nfd7 7. Bg2 Nc6 8. 0-0 Qc7 9. Re1 b5 10. a4 b4 11. Bf4 a5 12. Nbd2 Ba6 13. h4 h6 14. c4 bxc3 15. bxc3 Rb8 16. h5 0-0 17. g4 Rb2 18. Kh1 Rfb8 19. Rec1 Nf8 20. Qe3 Nh7 21. Ne1 Qd7 22. Qg3 Bg5 23. Bxg5 hxg5 24. Rd1 Qc7 25. c4 Qxe5 26. cxd5 exd5 27. Qxe5 Nxe5 28. Bxd5 Nxg4 29. Kg1 Nhf6 30. Bf3 Ne5 31. Rac1 Nxd3 32. Nxd3 Bxd3 33. Rc3 Ba6 34. Ne4 Nxe4 35. Bxe4 R2b4 36. Bc2 Rg4+ 37. Kh2 c4 38. Rd5 Rh4+ 39. Kg3 Rxh5 40. Rxa5 Bc8 41. Rxc4 Be6 42. Rc6 Rh3+ 43. Kg2 g4 44. Rac5 Ra3 45. Ra6 Kf8 46. Ra7 g6 47. a5 Kg7 48. Be4 Rb2 49. Rc2 Rb4 50. Bc6 Rb8 51. Rd2 Kf6 52. Bb7 Ra1 53. a6 Rh8 54. Bc6 g5 55. f3 gxf3+ 56. Bxf3 Bc4 57. Be4 Rxa6 58. Rc7 Be6 59. Rf2+ Ke5 60. Re2 Kd6 61. Rcc2 Rh4 62. Rcd2+ Ke7 63. Rc2 Kf6 64. Rf2+ Kg7 65. Bd3 Ra3 66. Bf5 Bd5+ 67. Kf1 Re3 68. Rh2 Rf3+ 69. Rhf2 Rh1+ 70. Ke2 Rxf2+ 71. Kxf2 Rh2+ 72. Kg3 Rxc2 73. Bxc2 Be6 74. Be4 f5 75. Bf3 Kf6 76. Bc6 Ke5 77. Kf2 f4 78. Bf3 g4 79. Be2 g3+ 80. Kg2 Kd4 81. Bf1 Ke3 82. Kg1 f3 0-1

[Event "Ashdod op"]
[Site "Ashdod"]
[Date "2006.09.11"]
[Round "1"]
[White "Erenburg, Sergey"]
[Black "Rahmilevitz, Anton"]
[Result "1-0"]
[WhiteElo "2585"]
[BlackElo "2077"]
[PlyCount "45"]
[EventDate "2006.09.11"]
[EventType "swiss"]
[EventRounds "9"]
[EventCountry "ISR"]
[SourceTitle "CBM 114 Extra"]
[Source "ChessBase"]
[SourceDate "2006.11.03"]
[SourceVersion "1"]
[SourceVersionDate "2006.11.03"]
[SourceQuality "1"]

1. e4 c5 2. Nf3 e6 3. d4 cxd4 4. Nxd4 a6 5. Bd3 Bc5 6. Nb3 Ba7 7. Qg4 Nf6 8. Qg3 d6 9. Nc3 Nc6 10. Bg5 Bb8 11. f4 h6 12. Bh4 g5 13. fxg5 d5 14. Qf3 Nh7 15. exd5 Ne5 16. Qe2 Nxd3+ 17. Qxd3 hxg5 18. Bg3 Nf6 19. Bxb8 Rxb8 20. Qg3 Bd7 21. 0-0-0 Rh4 22. dxe6 fxe6 23. Nc5 1-0